000 00482nam a2200169Ia 4500
008 240729s9999 xx 000 0 und d
022 _a1751-8792
245 0 _aIET Radar, Sonar & Navigation
260 _aUnited Kingdom
260 _bWiley
650 _a Electrical engineering. Electronics. Nuclear engineering
650 _a Telecommunication
650 _aTechnology
856 _uhttps://doaj.org/toc/cdc620a7d53a45d8b10d100090a90a76
942 _2ddc
942 _cDOAJEJ
999 _c72642
_d72642
945 _a1
_bMadushi Gamage
_c1
_dMadushi Gamage